| 000 | 00376 a2200133 4500 | ||
|---|---|---|---|
| 999 |
_c30103 _d30103 |
||
| 003 | NUST | ||
| 005 | 20180118120907.0 | ||
| 008 | 180118b xxu||||| |||| 00| 0 eng d | ||
| 020 | _a052181538X | ||
| 020 | _a9780521815383 | ||
| 082 | _a551.22 CHA | ||
| 100 | 1 |
_aChapman, Chris. _98679 |
|
| 245 | 1 | 0 |
_aFundamentals of seismic wave propagation / _cChris Chapman. |
| 260 |
_a[S.l.] : _bCambridge University Press, _c2004. |
||
| 300 |
_a634 p. ; _c25 cm. |
||
| 942 |
_aSNS _cBK _k551.22 CHA _2ddc |
||